=LDR 00000nam 2200000 4500 =001 INLIS000000000008580 =005 20130612100430 =008 ***********************************Ind** =035 ##$$0010-061300000008580 =041 ##$$a Ind =082 ##$$a 372.8 =090 ##$$a 372.8; Muc i =100 ##$$a MUchtar =245 ##$$a IPS 2B, Muchtar =260 ##$$a 2001 $b Jakarta =300 ##$$a 72 hlm, 28 cm =650 ##$$a IPS Pend - Dasar